Iqbal number; mah e naw magazine (Record no. 327510)
[ view plain ]
| 000 -LEADER | |
|---|---|
| fixed length control field | 00433 a2200121 4500 |
| 001 - CONTROL NUMBER | |
| control field | 92437 |
| 082 ## - DEWEY DECIMAL CLASSIFICATION NUMBER | |
| Classification number | 891.4393 SHA |
| 090 ## - LOCALLY ASSIGNED LC-TYPE CALL NUMBER (OCLC); LOCAL CALL NUMBER (RLIN) | |
| -- | 44410 |
| -- | 44411 |
| 100 ## - MAIN ENTRY--PERSONAL NAME | |
| Personal name | Directorate of films and Publictions, Govt of Pakistan ministry of information and broadcasting |
| 245 ## - TITLE STATEMENT | |
| Title | Iqbal number; mah e naw magazine |
| 260 ## - PUBLICATION, DISTRIBUTION, ETC. | |
| Place of publication, distribution, etc. | Islamabad |
| Name of publisher, distributor, etc. | Directorate General of electronic media and Publications; Govt of Pakistan |
| Date of publication, distribution, etc. | 2002 |
| 300 ## - PHYSICAL DESCRIPTION | |
| Extent | 272 p. |
| 942 ## - ADDED ENTRY ELEMENTS (KOHA) | |
| Institution code [OBSOLETE] | CAE NUST |
| Call number prefix | 891.4393 SHA |
| Withdrawn status | Lost status | Damaged status | Not for loan | Collection code | Permanent Location | Current Location | Date acquired | Total Checkouts | Full call number | Barcode | Date last seen | Price effective from | Koha item type |
|---|---|---|---|---|---|---|---|---|---|---|---|---|---|
| College of Aeronautical Engineering (CAE) | College of Aeronautical Engineering (CAE) | 04/03/2017 | 891.4393 SHA | CAEG-9998 | 04/05/2017 | 04/05/2017 | Book |
